At freedom's door / (Record no. 17814)
[ view plain ]
| 000 -LEADER | |
|---|---|
| fixed length control field | 00977cam a22003011 4500 |
| 001 - CONTROL NUMBER | |
| control field | 9762336 |
| 003 - CONTROL NUMBER IDENTIFIER | |
| control field | BDDh-ASL |
| 005 - DATE AND TIME OF LATEST TRANSACTION | |
| control field | 20231015025637.0 |
| 008 - FIXED-LENGTH DATA ELEMENTS--GENERAL INFORMATION | |
| fixed length control field | 720919s1949 xx 000 0 eng |
| 010 ## - LIBRARY OF CONGRESS CONTROL NUMBER | |
| LC control number | 49009613 |
| 035 ## - SYSTEM CONTROL NUMBER | |
| System control number | (OCoLC)409210 |
| 040 ## - CATALOGING SOURCE | |
| Original cataloging agency | DLC |
| Transcribing agency | ODaWU |
| Modifying agency | BDDh-ASL |
| 050 00 - LIBRARY OF CONGRESS CALL NUMBER | |
| Classification number | DS414 |
| Item number | .D35 |
| 051 ## - LIBRARY OF CONGRESS COPY, ISSUE, OFFPRINT STATEMENT | |
| Copy information | copy 2. |
| 082 ## - DEWEY DECIMAL CLASSIFICATION NUMBER | |
| Classification number | 307.543 |
| Item number | DAA |
| 100 1# - MAIN ENTRY--PERSONAL NAME | |
| Personal name | Darling, Malcolm, |
| Titles and words associated with a name | Sir, |
| Dates associated with a name | 1880-1969. |
| 245 10 - TITLE STATEMENT | |
| Title | At freedom's door / |
| Statement of responsibility, etc. | Malcolm Lyall Darling. |
| 260 ## - PUBLICATION, DISTRIBUTION, ETC. | |
| Place of publication, distribution, etc. | [London]: |
| Name of publisher, distributor, etc. | Oxford Univ. Press, |
| Date of publication, distribution, etc. | [1949]. |
| 300 ## - PHYSICAL DESCRIPTION | |
| Extent | xiv, 369 p. ; |
| Other physical details | ills., maps ; |
| Dimensions | 22 cm. |
| 504 ## - BIBLIOGRAPHY, ETC. NOTE | |
| Bibliography, etc. note | Includes bibliographical references and index |
| 600 10 - SUBJECT ADDED ENTRY--PERSONAL NAME | |
| Personal name | Darling, Malcolm, |
| Titles and other words associated with a name | Sir, |
| Dates associated with a name | 1880-1969 |
| General subdivision | Travel |
| Geographic subdivision | India. |
| 651 #0 - SUBJECT ADDED ENTRY--GEOGRAPHIC NAME | |
| Geographic name | India |
| General subdivision | Description and travel. |
| 651 #0 - SUBJECT ADDED ENTRY--GEOGRAPHIC NAME | |
| Geographic name | India |
| General subdivision | Rural conditions. |
| 651 #0 - SUBJECT ADDED ENTRY--GEOGRAPHIC NAME | |
| Geographic name | India |
| General subdivision | History |
| Chronological subdivision | British occupation, 1765-1947. |
| 651 #0 - SUBJECT ADDED ENTRY--GEOGRAPHIC NAME | |
| Geographic name | India |
| General subdivision | History |
| Chronological subdivision | 1947- |
| 906 ## - LOCAL DATA ELEMENT F, LDF (RLIN) | |
| a | 7 |
| b | cbc |
| c | oclcrpl |
| d | u |
| e | ncip |
| f | 19 |
| g | y-gencatlg |
| 942 ## - ADDED ENTRY ELEMENTS (KOHA) | |
| Source of classification or shelving scheme | Dewey Decimal Classification |
| Koha item type | Books |
| Withdrawn status | Lost status | Source of classification or shelving scheme | Damaged status | Not for loan | Collection code | Home library | Current library | Shelving location | Date acquired | Source of acquisition | Total Checkouts | Full call number | Barcode | Date last seen | Copy number | Price effective from | Koha item type | Public note |
|---|---|---|---|---|---|---|---|---|---|---|---|---|---|---|---|---|---|---|
| Dewey Decimal Classification | Not For Loan | Non-fiction | Asiatic Society Library | Asiatic Society Library | Harrison Collection | 09/09/2020 | Donated by Prof. John B. Harrison | 307.543 DAA | 100945 | 09/09/2020 | C-1 | 09/09/2020 | Books | RARE |